000 00816nam a2200217Ia 4500
999 _c1140
_d1140
020 _a8066
082 _aTC.0037
100 _aChatterjee, Surendra Nath
245 0 _aStudy of agricultural wage labour circulation in relation to poverty and inequality in Bolpur-Sriniketan block of Birbhum district
250 _aVisva-Bharati Univer
260 _c1986
_bVisva-Bharati University
300 _a260
_eC D - 34
650 _aMigration, internal
650 _aMigrant labor
_vIndia
_vBirbhum district (West Bengal)
650 _aAgricultural laborers
_vIndia
_vBirbhum district (West Bengal)
650 _aLabor mobility
_vIndia
_vBirbhum district (West Bengal)
650 _aBolpur-Sriniketan
_vRural conditions
650 _aIndia
_vRural conditions
_zWest Bengal
710 _aMukherji, Shekhar
942 _cTH
_2ddc